000 00566cam a2200205 4500500
005 20260405002921.0
041 _afre
042 _adc
100 1 0 _aTenaillon, Nicolas
_eauthor
245 0 0 _aEinfühlung
260 _c2019.
500 _a29
690 _aAllemand
690 _aEinfühlung
690 _aForme
690 _aObjet
690 _aSentiment
786 0 _nPhilosophie magazine | 130 | 6 | 2019-06-01 | p. 42-42 | 1951-1787
856 4 1 _uhttps://shs.cairn.info/magazine-philosophie-magazine-2019-6-page-42?lang=fr&redirect-ssocas=7080
999 _c2062469
_d2062468